[Event "ISL-FRA"]
[Site "Reykjavik"]
[Date "1993.??.??"]
[Round "9"]
[White "Arnason, Jon Loftur"]
[Black "Apicella, Manuel"]
[Result "1/2-1/2"]
[WhiteElo "2535"]
[BlackElo "2495"]
[Annotator "Knaak,R"]
[PlyCount "49"]
[EventDate "1993.??.??"]
[EventType "schev"]
[EventRounds "10"]
[EventCountry "ISL"]
[SourceTitle "CBM 035"]
[Source "ChessBase"]
[SourceDate "1993.08.01"]
[SourceVersion "1"]
[SourceVersionDate "1993.08.01"]
[SourceQuality "1"]

1. e4 e6 2. d4 d5 3. Nd2 Nf6 4. e5 Nfd7 5. c3 c5 6. Bd3 Nc6 7. Ne2 cxd4 8. cxd4
f6 9. exf6 Nxf6 10. Nf3 Bd6 11. O-O O-O 12. Bg5 Bd7 13. Re1 Qb6 14. Nc3 Rae8 (
14... Qxb2 $2 15. Nb5 Bb8 16. a3 {/\ Re2+-}) (14... Kh8 {/\ Nd4}) 15. Ne5 $6
$146 (15. Rc1 Re7 16. Na4 Qd8 17. Nc5 $16 {Penrose-Schmid/Moscow ol/1956/})
15... Qxb2 16. Nxd7 Nxd7 17. Qh5 $10 g6 (17... Qxf2+ 18. Kh1 h6 $6 19. Qg6 $1 (
19. Bxh6 $2 Nf6 $1 20. Qg5 Rf7 $17) (19. Rf1 $2 Qxd4 20. Qg6 Rxf1+ 21. Rxf1 Nf8
22. Qf7+ (22. Qxe8 Qxd3 23. Qf7+ Kh8 24. Bxh6 Qxc3 $17) 22... Kh8 23. Qxe8 Qxd3
24. Rf3 Qd4 25. Bc1 Kh7 $17) 19... Nf6 20. Bxf6 $1 (20. Rf1 Qxf1+ 21. Bxf1 (21.
Rxf1 Ne7 $1 22. Qxe8 Rxe8 (22... Nxe8 $2 23. Bh7+ $1) 23. Bxf6 gxf6 24. Rxf6
$13) 21... hxg5 $13) 20... Qxf6 21. Qh7+ Kf7 22. Rf1 $1 (22. Bg6+ $5 Qxg6 (
22... Ke7 23. Nxd5+ $18) 23. Rf1+ Qf6 24. Rxf6+ Kxf6 25. Rf1+ Ke7 26. Qxg7+ Kd8
27. Rb1 $16) 22... Bf4 23. Bg6+ $1 Ke7 24. Bxe8 Kxe8 25. g3 $18) 18. Bxg6 Qxf2+
19. Kh1 hxg6 20. Qxg6+ Kh8 21. Qh5+ Kg8 22. Qg6+ Kh8 23. Ne4 dxe4 24. Qh6+ Kg8
25. Qg6+ 1/2-1/2

[Event "Salamanca"]
[Site "Salamanca"]
[Date "1990.??.??"]
[Round "8"]
[White "Chiburdanidze, Maia"]
[Black "De la Villa Garcia, Jesus Maria"]
[Result "0-1"]
[WhiteElo "2470"]
[BlackElo "2450"]
[Annotator "Knaak,R"]
[PlyCount "58"]
[EventDate "1990.02.??"]
[EventType "tourn"]
[EventRounds "9"]
[EventCountry "ESP"]
[EventCategory "9"]
[SourceTitle "CBM 018"]
[Source "ChessBase"]
[SourceDate "1990.10.01"]
[SourceVersion "1"]
[SourceVersionDate "1990.10.01"]
[SourceQuality "1"]

1. e4 e6 2. d4 d5 3. Nd2 Nf6 4. e5 Nfd7 5. Bd3 c5 6. c3 Nc6 7. Ngf3 cxd4 8.
cxd4 f6 $1 9. exf6 Nxf6 10. O-O Bd6 11. b3 $6 {b3 sollte für den N reserviert
bleiben, der nun auf d2 ein trauriges Dasein führt.} (11. Nb3 O-O 12. Bg5 $10)
11... O-O 12. Bb2 Qb6 13. a3 a5 14. Rc1 Bd7 15. Re1 Rae8 16. Re2 Re7 17. Qc2 g6
18. Rce1 Nh5 19. g3 Ng7 20. Kg2 Ref7 21. Qb1 Be7 22. Qa1 $2 (22. Rf1 $17) 22...
e5 $1 23. dxe5 Bg4 24. Re3 d4 25. e6 Rf6 26. Nxd4 Rxf2+ 27. Kh1 Rxd2 28. Nxc6
Qxc6+ 29. Be4 Qxe4+ 0-1

[Event "Oakham YM"]
[Site "Oakham"]
[Date "1992.??.??"]
[Round "7"]
[White "Degraeve, Jean Marc"]
[Black "Gdanski, Jacek"]
[Result "1/2-1/2"]
[WhiteElo "2470"]
[BlackElo "2435"]
[Annotator "Knaak,R"]
[PlyCount "109"]
[EventDate "1992.03.??"]
[EventType "swiss"]
[EventRounds "9"]
[EventCountry "ENG"]
[SourceTitle "CBM 030"]
[Source "ChessBase"]
[SourceDate "1992.10.01"]
[SourceVersion "1"]
[SourceVersionDate "1992.10.01"]
[SourceQuality "1"]

1. e4 e6 2. d4 d5 3. Nd2 Nf6 4. e5 Nfd7 5. c3 c5 6. Bd3 Nc6 7. Ngf3 Qb6 8. O-O
Be7 9. dxc5 $1 Qc7 10. Nb3 Ncxe5 (10... Ndxe5 11. Nxe5 Qxe5 12. f4 Qc7 13. Be3
$14) 11. Bf4 $1 Nxf3+ 12. Qxf3 Qd8 $5 $146 (12... e5 13. Bg3 Qc6 14. Rfe1 $1 e4
15. Rxe4 $3 dxe4 16. Bxe4 Qf6 17. c6 $16 {Chandler-Henley/Surakarta/1982/i33/
398}) 13. Qg3 O-O 14. Bc7 Qe8 15. Bb5 $14 a6 16. Ba4 f6 17. Rae1 Qf7 18. Qe3
Nb8 (18... e5 19. f4) 19. Bb6 Bd8 20. Bxd8 Rxd8 21. f4 a5 22. Nd4 (22. Rf3 $5)
22... Na6 23. c6 Rd6 24. cxb7 Qxb7 25. Bc2 Bd7 (25... Qxb2 $2 26. Rb1 Qxa2 27.
Bb3 Qa3 28. Nb5 $18) 26. Qh3 f5 27. g4 $1 Nc5 $1 (27... g6 28. gxf5 gxf5 29.
Qh6 $18) 28. gxf5 exf5 29. Bxf5 (29. Re7 Rh6) 29... Rg6+ 30. Kh1 Bxf5 31. Qxf5
Ne4 (31... Rf8 32. Qc2 Ne4 $13) 32. Qe5 Qf7 33. f5 Rg4 34. Qe6 Re8 35. Qxf7+
Kxf7 36. Re2 $14 a4 37. a3 Kf6 38. Ne6 Rb8 39. Nf4 Rb5 40. c4 Rb3 41. Nxd5+ Kg5
42. Ne3 Rh4 43. Kg1 h5 44. Rg2+ Kf6 45. Nd5+ Kf7 46. Re1 Rd3 47. Rge2 Ng5 48.
Rc1 Nf3+ 49. Kh1 Rdd4 50. Nb6 Rh3 51. Kg2 Rg4+ 52. Kh1 Rgh4 53. Rcc2 Rg4 54.
Rc1 Rgh4 55. Rcc2 1/2-1/2

[Event "URS-chT Republics 19th final A"]
[Site "Azov"]
[Date "1991.??.??"]
[Round "2"]
[White "Saltaev, Mihail"]
[Black "Nikolenko, Oleg"]
[Result "0-1"]
[WhiteElo "2455"]
[BlackElo "2450"]
[Annotator "Knaak,R"]
[PlyCount "80"]
[EventDate "1991.??.??"]
[EventType "team-tourn"]
[EventRounds "3"]
[EventCountry "URS"]
[SourceTitle "EXT 2020"]
[Source "ChessBase"]
[SourceDate "2019.10.17"]
[SourceVersion "1"]
[SourceVersionDate "2019.10.17"]
[SourceQuality "1"]
[WhiteTeam "Uzbekistan"]
[BlackTeam "Moscow"]
[WhiteTeamCountry "UZB"]
[BlackTeamCountry "URS"]

1. e4 {Kortschnoj} e6 2. d4 d5 3. Nd2 c5 4. Ngf3 Nf6 5. e5 Nfd7 6. c3 Nc6 7.
Bd3 Qb6 (7... g6 8. h4 $1) 8. O-O g6 $5 {/\ Bg7 >< e5, d4} (8... cxd4 {
Kortschnoj} 9. cxd4 Nxd4 10. Nxd4 Qxd4 11. Nf3 Qb6 12. Qa4 $146) 9. Qa4 $6 (9.
c4 $5 Bg7 $1 10. cxd5 exd5 11. dxc5 Nxc5 {/\ 12...Bg4 Sax/Haszai}) (9. a3 $1
Bg7 10. b4 cxd4 11. cxd4 Nxd4 12. Bb2 Nxf3+ 13. Nxf3 O-O 14. h4 $1 {-> Sax/
Haszai YB10}) (9. a3 Bg7 10. b4 cxd4 11. cxd4 a5 $1 12. b5 (12. Qa4 Nxd4 13.
bxa5 Nxf3+ 14. Nxf3 Qxa5 $16) 12... Nxd4 13. Bb2 Nxb5 $17) (9. Re1 $5 {
Kortschnoj} Bg7 10. dxc5 Nxc5 11. Nb3 Nxd3 12. Qxd3 O-O 13. Bf4 $14) 9... Bg7
$15 10. h4 (10. Re1 {Kortschnoj} O-O 11. Nf1) 10... O-O 11. h5 gxh5 12. Re1
cxd4 13. cxd4 f6 $1 14. exf6 Nxf6 15. Nf1 Ng4 16. Be3 $8 {>< d4} Nxe3 17. Rxe3
Nxd4 18. Ng3 Nxf3+ 19. Rxf3 Rxf3 20. gxf3 Qd8 21. Nxh5 e5 22. Nxg7 Kxg7 $17 23.
Kh2 (23. Kf1 $5 $15 {Kortschnoj}) 23... Bd7 24. Qb4 (24. Rg1+ $2 Kh8 25. Qb4 a5
26. Qd6 Qh4+ 27. Kg2 Qh3#) 24... Kh8 25. Qd6 Qh4+ 26. Kg1 Qg5+ 27. Kf1 Bc6 28.
Re1 Re8 29. Ke2 Qg7 30. b3 e4 31. fxe4 dxe4 32. Bc2 Qg4+ 33. Kd2 Qg5+ 34. Kc3
Rd8 35. Qe6 Qg7+ 36. Kb4 Qd4+ 37. Ka3 Re8 38. Qf7 b5 39. b4 a5 40. Bxe4 (40.
Rxe4 Qc3+ 41. Qb3 axb4+ 42. Rxb4 Ra8+) 40... Qxb4# 0-1

[Event "Bern op"]
[Site "Bern"]
[Date "1992.??.??"]
[Round "4"]
[White "Kveinys, Aloyzas"]
[Black "Pichler, Juergen"]
[Result "0-1"]
[WhiteElo "2485"]
[BlackElo "2430"]
[Annotator "Knaak,R"]
[PlyCount "84"]
[EventDate "1992.02.??"]
[EventType "swiss"]
[EventRounds "9"]
[EventCountry "SUI"]
[SourceTitle "CBM 028"]
[Source "ChessBase"]
[SourceDate "1992.06.01"]
[SourceVersion "1"]
[SourceVersionDate "1992.06.01"]
[SourceQuality "1"]

1. e4 e6 2. d4 d5 3. Nd2 Nf6 4. e5 Nfd7 5. c3 c5 6. Bd3 Nc6 7. Ne2 cxd4 8. cxd4
f6 9. exf6 Nxf6 10. Nf3 Bd6 11. O-O Qc7 12. Nc3 a6 13. h3 O-O 14. Be3 {Ein
zuverlässiger Aufbau. Der unangenehme Ausfall Ng4 ist verhindert und Pd4 gut
gedeckt.} Bd7 15. Rc1 Rae8 $1 (15... Be8) 16. Re1 Qb8 17. a3 (17. Na4 $1 Re7
18. Nc5 Be8 19. a3 e5 $6 (19... h6 $6 20. Nh4 $1 Bh2+ 21. Kh1 Bf4 22. Ng6 Bxg6
23. Bxg6 Bxe3 24. Rxe3 e5 25. dxe5 Nxe5 26. Bf5 $16) (19... Bh5 20. Nxa6 $6 (
20. Be2 $13) 20... bxa6 21. Rxc6 Ne4 22. Be2 Qxb2 $17) 20. dxe5 Nxe5 21. Be2 {
+/-/+/- Kholmov-Masternak/Cheliabinsk/1991}) 17... Re7 18. b4 Be8 19. Nb1 h6 $1
20. Nbd2 (20. Nh4 Bh2+ (20... e5 $2 21. Nf5) 21. Kh1 Bf4 $13) 20... g5 $1 21.
Nb3 Nh5 22. Bf1 Bf4 $15 23. Nc5 Qd6 24. Rc3 Ng7 25. g3 $2 Bxg3 $1 $19 26. Bg2 (
26. fxg3 Qxg3+ 27. Bg2 Rxf3 $1 28. Qxf3 Qxe1+ $19) 26... Bf4 27. Bxf4 Rxf4 28.
Nd3 Rf8 29. Nde5 Nxe5 30. Nxe5 Bh5 31. Bf3 Bxf3 32. Rxf3 Rf5 33. h4 gxh4 34.
Kh1 Qd8 35. Rg1 Kh7 36. Rxf5 Nxf5 37. Qh5 Qe8 38. Rg6 Qf8 39. Ng4 Ng3+ $1 (
39... Rc7 40. Nf6+ Kh8 41. Rg8+ $18) (39... Rg7 40. Nf6+ Kh8 41. Rxh6+ $1 Nxh6
42. Qxh6+ $18) 40. fxg3 Qf3+ 41. Kh2 hxg3+ 42. Kh3 (42. Kg1 Qd1+ 43. Kg2 Qc2+
44. Kh3 Qxg6 $19) 42... Qh1+ 0-1

[Event "GER-ch"]
[Site "Bad Neuenahr"]
[Date "1991.??.??"]
[Round "9"]
[White "Kunze, Markus"]
[Black "Schaefer, Markus"]
[Result "0-1"]
[WhiteElo "2360"]
[BlackElo "2400"]
[Annotator "Knaak,R"]
[PlyCount "82"]
[EventDate "1991.06.??"]
[EventType "tourn"]
[EventRounds "15"]
[EventCountry "GER"]
[EventCategory "7"]
[SourceTitle "CBM 024"]
[Source "ChessBase"]
[SourceDate "1991.10.01"]
[SourceVersion "1"]
[SourceVersionDate "1991.10.01"]
[SourceQuality "1"]

1. e4 e6 2. d4 d5 3. Nd2 Nf6 4. e5 Nfd7 5. c3 c5 6. Bd3 Nc6 7. Ngf3 Be7 8. O-O
g5 9. dxc5 Nxc5 10. Bb5 Qb6 $1 {N} (10... a6 11. Bxc6+ bxc6 12. b4 Nd7 13. Nb3
g4 14. Nfd4 Nxe5 15. Bf4 Qc7 16. Bxe5 Qxe5 17. Nxc6 $16 {Smirin-Poldauf/
Gronongen op/1990/CBM22-VC}) (10... Bd7 11. Qe2 a6 12. Bxc6 bxc6 13. c4 Rb8 14.
b3 {+/=/+/- Rachels-Arencibia/Manila izt/1990/i49/315}) 11. Qe2 a6 12. Bxc6+
bxc6 {Schwarz plant nun a5 und Ba6. Qb6 war ein nutzvollerer Zug als Qe2.} 13.
c4 a5 14. Qe3 Nd7 $1 15. Qxb6 Nxb6 $17 16. Nd4 Bb7 17. cxd5 cxd5 18. Nb1 Kd7
19. Nc3 a4 20. Rb1 Rhc8 21. Rd1 Nc4 22. f4 gxf4 23. Bxf4 f6 24. Nf3 Bc5+ 25.
Kh1 Be3 26. Bg3 f5 27. Nb5 Ba6 28. Nbd4 Rab8 29. b4 Na3 30. Rb2 Rc1 31. Re1
Rbc8 32. b5 Rxe1+ 33. Bxe1 Bxd4 34. Nxd4 Nxb5 35. Nxb5 Rc1 36. Kg1 Rxe1+ 37.
Kf2 Rxe5 38. Nc3 a3 39. Rb3 d4 40. Na4 Ra5 41. Rxa3 Kc6 0-1

[Event "New York op"]
[Site "New York"]
[Date "1991.??.??"]
[Round "4"]
[White "Kudrin, Sergey"]
[Black "Ivanov, Igor Vasilievich"]
[Result "1-0"]
[WhiteElo "2510"]
[BlackElo "2450"]
[Annotator "Knaak,R"]
[PlyCount "71"]
[EventDate "1991.03.??"]
[EventType "swiss"]
[EventRounds "9"]
[EventCountry "USA"]
[SourceTitle "CBM 023"]
[Source "ChessBase"]
[SourceDate "1991.08.01"]
[SourceVersion "1"]
[SourceVersionDate "1991.08.01"]
[SourceQuality "1"]

1. e4 e6 2. d4 d5 3. Nd2 Nf6 4. e5 Nfd7 5. Bd3 c5 6. c3 Nc6 7. Ne2 Rb8 $5 8.
O-O b5 9. a3 {N} (9. Nf3 b4 10. Nf4 Be7 11. Re1 Qa5 $6 (11... bxc3 12. bxc3 Qa5
{Geller}) 12. c4 dxc4 13. Bxc4 cxd4 14. Bxe6 $1 {Geller-Bandza/URS/1983/i36/366
}) 9... a5 10. Nf3 Be7 11. Nf4 g6 12. Re1 c4 13. Bc2 Nb6 14. g3 b4 15. axb4
axb4 16. h4 Bd7 17. Nh3 Ra8 18. Rxa8 Qxa8 $11 19. Bg5 Bxg5 20. Nhxg5 h6 21. Nh3
b3 22. Bb1 Qa1 23. Qc1 Na4 24. Re2 Na7 25. Nf4 Nb5 $4 (25... Kd8) 26. Nxd5 $1 (
26. Nxg6 Naxc3 27. bxc3 Qxc3 {/\ fg6} 28. Qxc3 Nxc3 29. Re3 Nxb1 30. Nxh8 c3
$19) 26... Bc6 27. Nf6+ Ke7 28. d5 $1 exd5 29. e6 $3 Naxc3 30. bxc3 Qxc3 (30...
Nxc3 31. Re1 fxe6 32. Qf4 $40) 31. exf7+ Kxf7 32. Ne5+ Kg7 33. Qf4 Rf8 34. Neg4
Rxf6 35. Qxh6+ Kg8 36. Bxg6 1-0

[Event "Oakham YM"]
[Site "Oakham"]
[Date "1992.??.??"]
[Round "9"]
[White "Polak, Tomas"]
[Black "Gokhale, Jayant Suresh"]
[Result "0-1"]
[WhiteElo "2410"]
[BlackElo "2325"]
[Annotator "Knaak,R"]
[PlyCount "92"]
[EventDate "1992.03.??"]
[EventType "swiss"]
[EventRounds "9"]
[EventCountry "ENG"]
[SourceTitle "CBM 030"]
[Source "ChessBase"]
[SourceDate "1992.10.01"]
[SourceVersion "1"]
[SourceVersionDate "1992.10.01"]
[SourceQuality "1"]

1. e4 {Ernst} e6 2. d4 d5 3. Nd2 Nf6 4. e5 Nfd7 5. c3 c5 6. Bd3 Nc6 7. Ne2 cxd4
8. cxd4 f6 9. exf6 Nxf6 10. Nf3 Bd6 11. O-O Qc7 12. g3 O-O 13. Bf4 Ng4 14. Rc1
Bxf4 $146 (14... Bd7) 15. Nxf4 Rxf4 $5 16. gxf4 Qxf4 $44 17. Bb5 $1 (17. Be2 {
Ernst} Bd7 18. Qd2 Qd6 19. h3 Nh6 20. Bb5 Rf8 21. Rc3 Nf5 22. Bxc6 bxc6 23. Ne5
$16 {Rozentalis - Lputjan, Charkov 1985.}) 17... Bd7 18. Bxc6 Bxc6 19. Rc3 (19.
h3 Rf8 20. Rc3 Bb5 21. Re1 Nxf2 $1 22. Kxf2 Qh2+ 23. Ke3 Qf4+ $10) 19... Rf8 (
19... Bb5 $5 20. Re1 Rf8 21. Qd2 (21. Qc1 $6 Nxf2 $1 22. Qxf4 Nh3+ 23. Kh1 Nxf4
$15) 21... Qxd2 22. Nxd2 Rxf2 23. Rc8+ Kf7 24. Rc7+ Kf6 25. Re4 $1 {FRITZ} Rxd2
26. Rxg4 $10) 20. Qc1 Qd6 21. Qg5 $1 Rf4 22. h3 h6 23. Qh5 Rxf3 24. Qxg4 Rf4
$10 25. Qg3 Qf8 26. Rd1 Qf6 27. Rcd3 Be8 28. Re3 Bh5 29. Rde1 Bf7 30. Rd3 Bg6
31. Rde3 Bf7 32. Rd1 Bh5 33. Rdd3 Bg6 34. Rb3 $6 Rxd4 35. Qe5 (35. Rxb7 Rd1+
36. Kg2 (36. Kh2 {Ernst} d4 37. Re2 d3 $17) 36... Be4+ 37. Rxe4 dxe4 {/\ Rd3-/+
}) 35... Rd1+ 36. Kg2 Be4+ 37. Rxe4 dxe4 38. Qxf6 (38. Qxe4 $17) 38... gxf6 39.
Rxb7 Rd2 40. Kg3 f5 41. a4 $2 (41. Kf4 $2 Rxf2+ 42. Ke5 e3 43. Kf6 Rg2 $19) (
41. Re7 $1 Rxb2 42. Rxe6 $15) 41... e5 $19 42. b4 f4+ 43. Kg2 (43. Kg4 Rxf2 44.
Kf5 e3 45. Kf6 Rg2 46. Rb8+ Kh7 47. Rb7+ Kh8 $19) 43... e3 44. Re7 Rxf2+ 45.
Kg1 f3 46. Rxe5 Rg2+ 0-1

[Event "GER-ch"]
[Site "Bad Neuenahr"]
[Date "1991.??.??"]
[Round "14"]
[White "Kunze, Markus"]
[Black "Poldauf, Dirk"]
[Result "1-0"]
[WhiteElo "2360"]
[BlackElo "2355"]
[Annotator "Knaak,R"]
[PlyCount "71"]
[EventDate "1991.06.??"]
[EventType "tourn"]
[EventRounds "15"]
[EventCountry "GER"]
[EventCategory "7"]
[SourceTitle "CBM 024"]
[Source "ChessBase"]
[SourceDate "1991.10.01"]
[SourceVersion "1"]
[SourceVersionDate "1991.10.01"]
[SourceQuality "1"]

1. e4 e6 2. d4 d5 3. Nd2 Nf6 4. e5 Nfd7 5. c3 c5 6. Bd3 Nc6 7. Ngf3 g6 $5 8.
O-O (8. h4 $1 Qb6 9. h5 (9. O-O Bg7 10. h5 cxd4 11. cxd4 Nxd4 12. Nxd4 Qxd4 13.
Nf3 Qg4 $1 14. Be2 $1 Qxh5 15. g3 Qf5 16. Bf4 Nxe5 $17 {Nikolenko-Zlochevsky/
Moskva/1989/YB13}) 9... g5 10. Nxg5 cxd4 11. cxd4 Nxd4 (11... Qxd4 12. Ndf3
Qb4+ 13. Bd2 Qxb2 14. Rb1 Qxa2 15. Bc3 $40) 12. f4 Nc5 13. Bb1 $1 {Sax/Haszai})
8... Bg7 9. Re1 (9. b3 $2 O-O 10. Bb2 f6 $15) 9... O-O $10 10. Nf1 f6 (10...
cxd4 $1 11. cxd4 f6) 11. exf6 Qxf6 12. Ne3 $1 cxd4 13. Ng4 Qe7 14. cxd4 Nxd4
15. Nxd4 Bxd4 16. Bxg6 Qg7 $4 (16... Bxf2+ 17. Nxf2 hxg6 18. Qxd5 exd5 19. Rxe7
Rf7 20. Re8+ Rf8) (16... Bg7 $13) 17. Bh5 Nc5 (17... Ne5 18. Bh6 Bxf2+ 19. Nxf2
Qxh6 20. Rxe5 $18) 18. Bh6 Bxf2+ 19. Kh1 Bxe1 20. Qxe1 Qe7 (20... Qxb2 21. Bxf8
Kxf8 22. Qf1+ Ke7 23. Qf7+ Kd6 24. Qf8+ Kc6 25. Be8+ Kb6 26. Qd6+ Ka5 27. Qxc5+
$18) 21. Bxf8 Qxf8 22. Qe5 Ne4 23. Bf7+ Kxf7 24. Rf1+ Ke7 25. Rxf8 Kxf8 26. Qc7
h5 27. Ne5 Ke8 28. g3 a5 29. Kg2 a4 30. h3 a3 31. b3 d4 32. Kf3 Nc3 33. g4
hxg4+ 34. hxg4 Nd5 35. Qf7+ Kd8 36. g5 1-0

[Event "Hoogovens-B"]
[Site "Wijk aan Zee"]
[Date "1992.01.??"]
[Round "5"]
[White "Kuijf, Marinus"]
[Black "Moskalenko, Viktor"]
[Result "1/2-1/2"]
[WhiteElo "2440"]
[BlackElo "2505"]
[Annotator "Knaak,R"]
[PlyCount "75"]
[EventDate "1992.01.??"]
[EventType "tourn"]
[EventRounds "11"]
[EventCountry "NED"]
[EventCategory "10"]
[SourceTitle "CBM 028"]
[Source "ChessBase"]
[SourceDate "1992.06.01"]
[SourceVersion "1"]
[SourceVersionDate "1992.06.01"]
[SourceQuality "1"]

1. e4 e6 2. d4 d5 3. Nd2 Nf6 4. e5 Nfd7 5. c3 c5 6. Bd3 Nc6 7. Ne2 cxd4 8. cxd4
f6 9. exf6 Nxf6 10. O-O Bd6 11. Nf3 O-O 12. Bg5 Qc7 13. Nc3 a6 14. Bh4 g6 15.
Rc1 Nh5 16. Na4 Bd7 (16... b5 17. Nc5 Nxd4 {Matulovic-Marinkovic/Vrnjacka
Banja/1991/CBM23-VC}) 17. Ne5 {N} (17. Nc5 Rae8 18. Nxd7 (18. b4 Bc8 19. Bb1
Qg7 20. Bg5 Nf4 $6 (20... Nxb4) 21. Nxa6 Nxd4 $6 22. Nxd4 bxa6 23. Nc6 Bb7 24.
a4 Rc8 25. b5 $16 {Iten-Summermatter/Zug/1987}) (18. Bb1 Bc8 19. Rc3 Qg7 20.
Re1 h6 21. Rce3 Bxc5 22. dxc5 d4 23. Rb3 e5 $15 {Kuijf-Brenninkmeijer/Wijk-B/
1987}) 18... Qxd7 19. Re1 Qg7 $6 20. Bxa6 $1 Rxf3 21. gxf3 Nxd4 22. Bxb7 $1 Rf8
23. Rc8 Nf5 24. Bxd5 exd5 25. Qxd5+ Qf7 26. Qxf7+ Kxf7 27. Rxf8+ Bxf8 28. Bg3
$18 {Ziegler-Renman/SVE-ch/1989}) 17... Rf4 $5 18. Bg5 Rxd4 19. Nxd7 Bxh2+ 20.
Kh1 Bf4 21. Nf6+ $1 (21. Bxf4 Nxf4) 21... Nxf6 22. Bxf6 e5 $44 23. Rc3 Qf7 24.
Bh4 e4 25. Nb6 Rf8 26. Nxd5 exd3 (26... Qxd5 $2 27. Bc4 $1 Rxd1 28. Rxd1 $16)
27. Nxf4 Qxf4 $17 28. Bg3 Qf5 (28... Qf7 $5 {/^ a2-g8}) 29. Qb3+ Rf7 30. Kg1
Rd5 31. Rd1 Nd4 $5 (31... Na5) 32. Rcxd3 Ne2+ $2 (32... Nxb3 33. Rxd5 Qc2 34.
axb3 Qxb2 $17) 33. Kh1 Rxd3 (33... Qh5+ 34. Bh2 Rxd3 35. Rxd3 $10) (33... Nxg3+
34. fxg3 Rxd3 35. Qxd3 Qh5+ 36. Kg1 Qc5+ 37. Kh2 Rf5 38. Qd8+ Kg7 39. Rd7+ Kh6
$2 40. g4 $1) 34. Rxd3 Kg7 35. Rd5 Qb1+ 36. Rd1 Qf5 37. Rd5 Qb1+ 38. Rd1
1/2-1/2

[Event "Hoogovens-B"]
[Site "Wijk aan Zee"]
[Date "1992.01.??"]
[Round "8"]
[White "Wolff, Patrick G"]
[Black "Moskalenko, Viktor"]
[Result "1-0"]
[WhiteElo "2570"]
[BlackElo "2505"]
[Annotator "Knaak,R"]
[PlyCount "107"]
[EventDate "1992.01.??"]
[EventType "tourn"]
[EventRounds "11"]
[EventCountry "NED"]
[EventCategory "10"]
[SourceTitle "CBM 028"]
[Source "ChessBase"]
[SourceDate "1992.06.01"]
[SourceVersion "1"]
[SourceVersionDate "1992.06.01"]
[SourceQuality "1"]

1. e4 {Ernst} e6 2. d4 d5 3. Nd2 Nf6 4. e5 Nfd7 5. Bd3 c5 6. c3 Nc6 7. Ne2 cxd4
8. cxd4 f6 9. exf6 Nxf6 10. Nf3 Bd6 11. O-O O-O 12. Bf4 Nh5 $5 (12... Kh8 {
Ernst} 13. Qd2 Nxd4 14. Nexd4 Ne4 15. Bxe4 Bxf4 16. Qd3 dxe4 17. Qxe4 Qf6 18.
Rae1 Rb8 19. b3 Re8 20. Ne5 $14 {A.Sokolov - Lautier, Clermont-Ferrand, 1989.})
13. Bxd6 Qxd6 14. Qd2 (14. Ng3 Nf4 15. Re1 Bd7 {1/4:1/4 Weber-Koepf/BL 8687/
1987}) 14... Bd7 15. Rad1 (15. Qe3 $5 Rae8 16. g3 Nb4 (16... e5 17. dxe5 Nxe5
18. Nxe5 Rxe5 19. Qxa7 Bg4 20. Nd4 $16) 17. a3 Nxd3 18. Qxd3 $14) 15... Rxf3 $5
16. gxf3 Rf8 17. Qe3 e5 18. dxe5 Nxe5 19. f4 (19. Nd4 $2 Nxd3 20. Qxd3 Nf4 21.
Qc2 Bh3 22. Rfe1 Qf6 23. Kh1 Bg2+ 24. Kg1 Qg5 25. h4 Qxh4 $19) 19... Nxd3 (
19... Ng4 $5 20. Qh3 $1 g6 21. Qg2 (21. Bc4 Nxf2) (21. f5 Ngf6 $13) 21... Nxf4
22. Nxf4 Rxf4 $13) 20. Qxd3 Nxf4 (20... Be6 21. f3 $14) 21. Nxf4 Rxf4 22. f3
$13 (22. Qxd5+ $2 Qxd5 23. Rxd5 Rg4+ 24. Kh1 Bc6 25. Rfd1 Rg5 $19) 22... Bc6
23. Rf2 Qf6 24. Qb3 (24. Re1 $1) 24... h6 25. Re1 Kh8 26. Qe3 d4 $2 (26... Qg5+
$1 27. Rg2 (27. Kh1 d4 {>< Pf3}) 27... Qf6 28. Rg3 d4 29. Qe7 Rxf3 $10) 27. Qe7
$16 Qg5+ (27... Rxf3 28. Qxf6 Rxf6 29. Rxf6 gxf6 30. Rd1 $18) 28. Qxg5 hxg5 29.
Kg2 Kh7 (29... g4 {Ernst} 30. Kg3 $1 Rxf3+ 31. Rxf3 gxf3 32. Rd1 $18) 30. Kg3
Kg6 31. Re5 Kf6 32. Rc5 a6 33. b4 g6 34. a3 Bb5 35. Rd2 d3 36. a4 Bxa4 37. Rxd3
Bc6 38. Rd6+ Ke7 39. Rxg6 Rxf3+ 40. Kg4 Rb3 41. Rc4 Rb2 42. Rh6 Rg2+ 43. Kf5
Kd8 44. Rh7 Kc8 45. h3 Kb8 46. Rg4 Rd2 47. Kxg5 a5 48. bxa5 Rd5+ 49. Kf6 Rxa5
50. h4 Rd5 51. h5 Rd6+ 52. Kg5 Rd5+ 53. Kh4 Bd7 54. Rf4 1-0

[Event "Vrnjacka Banja"]
[Site "Vrnjacka Banja"]
[Date "1991.??.??"]
[Round "12"]
[White "Matulovic, Milan"]
[Black "Marinkovic, Slavisa"]
[Result "0-1"]
[WhiteElo "2470"]
[BlackElo "2335"]
[Annotator "Knaak,R"]
[PlyCount "60"]
[EventDate "1991.04.??"]
[EventType "tourn"]
[EventRounds "15"]
[EventCountry "YUG"]
[EventCategory "9"]
[SourceTitle "CBM 023"]
[Source "ChessBase"]
[SourceDate "1991.08.01"]
[SourceVersion "1"]
[SourceVersionDate "1991.08.01"]
[SourceQuality "1"]

1. e4 e6 2. d4 d5 3. Nd2 Nf6 4. e5 Nfd7 5. c3 c5 6. Bd3 Nc6 7. Ne2 cxd4 8. cxd4
f6 9. exf6 Nxf6 10. O-O Bd6 11. Nf3 Qc7 12. Nc3 a6 13. Bg5 O-O 14. Bh4 Nh5 15.
Rc1 g6 16. Na4 {Alternativen haben sich auch nicht bewährt.} b5 $1 17. Nc5 Nxd4
$1 18. Nxe6 $6 {N} (18. Nxd4 Bxc5 19. Qc2 Qf4 $1 (19... Rf4 $2 20. Nf3 e5 21.
Qxc5 Qxc5 22. Rxc5 e4 23. Be2 exf3 24. Bxf3 $16 {Sharif-Apicella/.../ED Franz.}
) 20. Qxc5 Qxh4 21. Qc6 Bd7 22. Qxd7 Qxd4 23. Qxe6+ Rf7 24. Rc8+ Rxc8 25. Qxc8+
Kg7 $17 {Womacka-Gruenberg,HU/DDR-ch/1985}) 18... Nxf3+ 19. gxf3 (19. Qxf3 Bxe6
20. Rxc7 Rxf3 21. Rc6 Rxd3 $19) 19... Bxh2+ 20. Kh1 Qd7 $3 {/\ 21.Nf8 Qh3-+}
21. Re1 Bb8 $19 22. Qc2 Qd6 23. Nc7 Qf4 24. Bg3 Qxf3+ 25. Kh2 Nxg3 26. fxg3
Bxc7 27. Qxc7 Qf2+ 28. Kh1 Bg4 29. Be2 Bxe2 30. Rxe2 Qxe2 0-1

[Event "Horgen SKA"]
[Site "Horgen"]
[Date "1994.??.??"]
[Round "6"]
[White "Godena, Michele"]
[Black "Zueger, Beat"]
[Result "0-1"]
[WhiteElo "2485"]
[BlackElo "2420"]
[Annotator "Knaak,R"]
[PlyCount "120"]
[EventDate "1994.09.??"]
[EventType "tourn"]
[EventRounds "11"]
[EventCountry "SUI"]
[EventCategory "10"]
[SourceTitle "CBM 043"]
[Source "ChessBase"]
[SourceDate "1994.12.01"]
[SourceVersion "1"]
[SourceVersionDate "1994.12.01"]
[SourceQuality "1"]

1. e4 e6 2. d4 d5 3. Nd2 Nf6 4. e5 Nfd7 5. c3 c5 6. Bd3 Nc6 7. Ne2 cxd4 8. cxd4
f6 9. exf6 Nxf6 10. Nf3 Bd6 11. O-O O-O 12. Bf4 Bxf4 13. Nxf4 Ne4 14. Qc1 Ng5
15. Nxg5 Qxg5 16. Bxh7+ $5 Kxh7 17. Nxe6 Qf5 (17... Qxc1 $5 18. Nxf8+ Kg8 19.
Raxc1 Kxf8 20. Rfe1 $1 (20. Rfd1 Ke7 $1 21. Rc3 Bf5 22. Rg3 g6 23. Re3+ Kd6 24.
f3 Rh8 $15 {Breyther,R-Steckner,J/BL2-N 9394/0-1 (46)}) 20... Bf5 $13) 18.
Nxf8+ Qxf8 19. Qg5 Bf5 (19... Qf5 20. Qh4+ Kg8 21. Rae1 Bd7 $13 {Dvoirys,
S-Gleizerov,E/St.Petersburg zt/1993/1-0 (50)}) 20. Rfe1 Rd8 21. Re3 Rd6 22. Rf3
Rf6 23. Re1 Kg8 24. Rg3 Be6 25. Qd2 Bd7 26. Rg5 Rf5 27. h3 a5 28. Rxf5 Qxf5 29.
Qc3 (29. Qe3 $10) 29... Be6 30. Qe3 Bf7 31. Kh2 $2 Qc2 $17 32. Re2 Qc4 33. b3
Qxd4 34. Qxd4 Nxd4 35. Re7 b5 36. Rb7 Be8 37. Kg3 Ne2+ 38. Kf3 Nc3 39. a4 bxa4
40. bxa4 d4 41. Rb6 d3 42. Rd6 Nd5 43. Ra6 Bxa4 44. Rxa5 Nb6 45. Rxa4 Nxa4 46.
Ke3 Nc5 47. h4 Kf7 48. g4 Nd7 49. h5 Ne5 50. f3 d2 51. Kxd2 Nxf3+ 52. Ke3 Ng5
53. Kf4 Kf6 54. Kg3 Nf7 55. Kf4 Nd6 56. g5+ Ke6 57. Kg4 Ke5 58. g6 Nf5 59. Kg5
Nh6 60. Kh4 Kf5 0-1